| 000 | 01057cam a22002773a 4500 | ||
|---|---|---|---|
| 001 | 3082 | ||
| 003 | PGUSA | ||
| 005 | 20140828083025.0 | ||
| 008 | 041003s2004||||xxu|||||s|||||000 | eng d | ||
| 040 |
_aPGUSA _beng |
||
| 042 | _adc | ||
| 050 | 4 | _aPQ | |
| 100 | 1 |
_aMaupassant, Guy de, _d1850-1893 |
|
| 245 | 1 | 0 |
_aOriginal Short Stories — Volume 06 _h[electronic resource] / _cGuy de Maupassant |
| 260 |
_bProject Gutenberg, _c2004 |
||
| 505 | 0 | _aThat costly ride -- Useless beauty -- The father -- My uncle Sosthenes -- The baroness -- Mother and son -- The hand -- A tress of hair -- On the river -- The cripple -- A strol -- Alexandre -- The log -- Julie Romaine -- The Rondoli sisters. | |
| 506 | _aPublic domain in the USA. | ||
| 516 | _aElectronic text | ||
| 653 | _aShort stories, French -- Translations into English | ||
| 700 | 1 | _aQuesada, Louise Charlotte Garstin | |
| 700 | 1 | _aHenderson, A. E. | |
| 700 | 1 | _aMcMaster, Albert Cohn | |
| 830 | 0 |
_aProject Gutenberg _v3082 |
|
| 856 | 4 | 0 | _uhttp://www.gutenberg.org/ebooks/3082 |
| 942 | _cEB | ||
| 999 |
_c232411 _d232411 |
||